All Current Penn State Sports - Statistics

General Stats
  • This quiz has been taken 8 times
  • The average score is 14 of 26
Answer Stats
Answer % Correct
Baseball
100%
Football
100%
Softball
83%
Field Hockey
67%
Men's Basketball
67%
Men's Ice Hockey
67%
Women's Basketball
67%
Women's Ice Hockey
67%
Cross Country
50%
Men's Lacrosse
50%
Men's Soccer
50%
Men's Swimming and Diving
50%
Men's Tennis
50%
Men's Volleyball
50%
Track and Field
50%
Women's Lacrosse
50%
Women's Soccer
50%
Women's Swimming and Diving
50%
Women's Tennis
50%
Women's Volleyball
50%
Men's Golf
33%
Women's Golf
33%
Wrestling
33%
Fencing
17%
Men's Gymnastics
17%
Women's Gymnastics
17%
No matching quizzes found
Score Distribution
Percent of People with Each Score
Percentile by Number Answered
Your Score History
You have not taken this quiz